000 00673nam a22002177a 4500
003 UA-OsUOA
001 126743
007 ta
008 20171106b un ||||| |||| 00| 0 ukr d
100 _aЛой А.
090 _a101
_bЛ72
942 _cSA
040 _aUA-OsUOA
_bukr
_cUA-OsUOA
_dUA-OsUOA
245 _aМовлення та емпатія в соціальному мисленні людини. Філософсько-антропологічний підхід
300 _aС.47-66
955 _a0
041 _aukr
080 _a101
773 0 _w126741
_tФілософська думка
_dК.
_d2017
_g4
650 7 _a1 Філософські науки
_2UDC
999 _c414280
_d414280